| 000 | 00526nam a22001817a 4500 | ||
|---|---|---|---|
| 999 |
_c19276 _d19276 |
||
| 003 | BDDh-ASL | ||
| 005 | 20231015025752.0 | ||
| 008 | 201122s2017 b ||||| |||| 00| 0 eng d | ||
| 040 |
_aBDDh-ASL _cBDDh-ASL |
||
| 082 |
_a954.9276 _bBAN |
||
| 245 | 0 | 0 |
_aBangladesh: _bPostage Stamps Catalogue, 1971-2016 / |
| 260 |
_aDhaka : _bMorning Dew, _c2017. |
||
| 300 |
_a68 p. : _c25 cm. |
||
| 650 | 0 |
_92181 _aPostage Stamps |
|
| 651 | 0 |
_931 _aBangladesh _xPostage Stamps |
|
| 700 | 1 |
_92180 _aRahman, Siddique Mahmudur |
|
| 942 |
_2ddc _cBK |
||